[Event "Blitz RR (Mar 2016) 1500-1799 "]
[Site "SchemingMind.com"]
[Date "2016.02.19"]
[Round "-"]
[White "Quaff"]
[Black "emvarela"]
[Result "1/2-1/2"]
[WhiteCountry "ENG"]
[BlackCountry "ARG"]
[WhiteElo "1671"]
[WhiteRD "66"]
[BlackElo "1658"]
[BlackRD "48"]
[GameID "395570"]

1. e4 e5 2. Nf3 Nc6 3. Bc4 Bc5 4. c3 Qe7 5. d3 h6 6. Be3 Bxe3 7. fxe3 Nf6 8. O-O O-O 9. Nbd2 d6 10. h3 Be6
11. Bb3 Bxb3 12. Nxb3 b6 13. Qe2 d5 14. exd5 Nxd5 15. c4 Nf6 16. Nh2 Rad8 17. Rad1 Rd7 18. Rd2 Rfd8 19. Rfd1 a6 20. Nf1 Nb8
21. e4 c5 22. Nh2 Nc6 23. Ng4 Nxg4 24. Qxg4 Nd4 25. Nxd4 exd4 26. b3 Rd6 27. Rf1 Rg6 28. Qf3 Rdd6 29. Rdf2 Rdf6 30. Qe2 Rxf2
31. Qxf2 Rf6 32. Qg3=
1/2-1/2

[Event "Blitz RR (Mar 2016) 1500-1799 "]
[Site "SchemingMind.com"]
[Date "2016.02.20"]
[Round "-"]
[White "emvarela"]
[Black "Quaff"]
[Result "1-0"]
[WhiteCountry "ARG"]
[BlackCountry "ENG"]
[WhiteElo "1684"]
[WhiteRD "47"]
[BlackElo "1633"]
[BlackRD "69"]
[GameID "395571"]

1. e4 e5 2. Nf3 d6 3. d4 exd4 4. Nxd4 h6 5. c4 Nf6 6. Nc3 Be7 7. Be3 Bd7 8. Bd3 Nc6 9. Nxc6 Bxc6 10. O-O Nh7
11. b4 Bf6 12. Rc1 b6 13. Nd5 Bxd5 14. exd5 Bg5 15. Bxg5 Nxg5 16. Re1+ Kf8 17. f4 Nh7 18. Bxh7 Rxh7 19. Qd3 Rh8 20. Re2 Qd7
21. Rce1 g6 22. Qd4 Rg8 23. Re7 Qa4 24. Qf6 Rg7 25. Rxf7+ Rxf7 26. Qh8#
1-0

[Event "Blitz RR (Mar 2016) 1500-1799 "]
[Site "SchemingMind.com"]
[Date "2016.02.22"]
[Round "-"]
[White "Quaff"]
[Black "Simon Green"]
[Result "1/2-1/2"]
[WhiteCountry "ENG"]
[BlackCountry "ENG"]
[WhiteElo "1671"]
[WhiteRD "66"]
[BlackElo "1617"]
[BlackRD "56"]
[GameID "395581"]

1. e4 e6 2. f4 d5 3. e5 c5 4. Nf3 Nc6 5. Bb5 Bd7 6. Bxc6 Bxc6 7. O-O Be7 8. c3 f5 9. d4 c4 10. b3 Nh6
11. b4 b5 12. h3 O-O 13. Be3 a5 14. bxa5 Qxa5 15. Qc1 b4 16. cxb4 Qxb4 17. Bd2 Qb6 18. Bc3 Bb4 19. a3 Bxc3 20. Nxc3 Nf7
21. Qb1 Qxb1 22. Rfxb1 Rfb8 23. Rxb8+ Rxb8 24. Rb1 Rxb1+ 25. Nxb1 h6 26. Nc3 Nd8 27. a4 Nb7 28. Nh4 Kf7 29. g4 g6 30. gxf5 gxf5
31. Nf3 Na5 32. h4 Nb3 33. Kf2 Ke7 34. Ke3 Nc1 35. Ne1 Nb3 36. Nc2 Kd7 37. Nb4 Kc7 38. a5 Nxa5 39. Na6+ Kd7 40. Nc5+ Ke7
41. Kd2 h5 42. Na2 Nb3+ 43. Nxb3 cxb3 44. Nc3 Bb7 45. Na4 Ba6 46. Kc3 Bc4 47. Kb4 Kd7 48. Kc5 Kc7 49. Nb2 Kd7 50. Kb6 Ke7
51. Kc7 Bb5 52. Nd1 Bc4 53. Nb2 Bb5 54. Nd1 Be2 55. Nb2 Bc4 56. Nd1 Bb5=
1/2-1/2

[Event "Blitz RR (Mar 2016) 1500-1799 "]
[Site "SchemingMind.com"]
[Date "2016.02.22"]
[Round "-"]
[White "Simon Green"]
[Black "Quaff"]
[Result "0-1"]
[WhiteCountry "ENG"]
[BlackCountry "ENG"]
[WhiteElo "1617"]
[WhiteRD "56"]
[BlackElo "1671"]
[BlackRD "66"]
[GameID "395582"]

1. d4 c6 2. e3 d5 3. Bd3 Nf6 4. f4 e6 5. Nf3 Bd6 6. O-O Nbd7 7. Nbd2 h6 8. Qe1 Nf8 9. Ne5 Bd7 10. Qg3 Rg8
11. Qh4 Qe7 12. c3 O-O-O 13. b4 N6h7 14. Qxe7 Bxe7 15. Bxh7 Nxh7 16. Nxf7 Rdf8 17. Ne5 Be8 18. Ndf3 Bf6 19. a4 Bxe5 20. Nxe5 Nf6
21. Bd2 Ne4 22. Rad1 c5 23. bxc5 Bxa4 24. Ra1 Bb5 25. Rfd1 a6 26. Ng6 Rf7 27. Rac1 Be8 28. Ne5 Rff8 29. h3 Ng3 30. Kf2 Ne4+
31. Kf3 g5 32. Ng4 h5 33. Ne5 Ba4 34. Re1 Nxd2+ 35. Kg3 gxf4+ 36. Kf2 fxe3+ 37. Kxe3 Ne4 38. Re2 Rg3+ 39. Nf3 Bb5 40. Rec2 Rfg8
41. Rg1 Ng5 42. Rcc1 Nxf3 43. gxf3 Rxg1
0-1

[Event "Blitz RR (Mar 2016) 1500-1799 "]
[Site "SchemingMind.com"]
[Date "2016.02.22"]
[Round "-"]
[White "Simon Green"]
[Black "emvarela"]
[Result "0-1"]
[WhiteCountry "ENG"]
[BlackCountry "ARG"]
[WhiteElo "1617"]
[WhiteRD "56"]
[BlackElo "1658"]
[BlackRD "48"]
[GameID "395584"]

1. d4 Nf6 2. e3 d5 3. Bd3 e6 4. f4 c5 5. c3 c4 6. Bc2 Nc6 7. Nf3 Bd6 8. Nbd2 O-O 9. O-O h6 10. Ne5 Bxe5
11. fxe5 Nd7 12. e4 b5 13. Qg4 f5 14. exf5 exf5 15. Bxf5 Ne7 16. Be6+ Kh8 17. Rxf8+ Nxf8 18. Bxc8 Rxc8 19. Nf3 Qd7 20. Qxd7 Nxd7
21. Bd2 g5 22. b4 Nf8 23. g4 Ne6 24. Kg2 Ng6 25. Kg3 Ngf4 26. h4 Ne2+ 27. Kh3 Rf8 28. Kg2 N6f4+ 29. Bxf4 Rxf4 30. Kf2 Nxc3
31. hxg5 hxg5 32. Rh1+ Kg7 33. a3 Ne4+ 34. Kg2 Rxg4+ 35. Kf1 Ng3+
0-1

[Event "Blitz RR (Mar 2016) 1500-1799 "]
[Site "SchemingMind.com"]
[Date "2016.02.22"]
[Round "-"]
[White "Quaff"]
[Black "kenneth m day"]
[Result "0-1"]
[WhiteCountry "ENG"]
[BlackCountry "USA"]
[WhiteElo "1633"]
[WhiteRD "69"]
[BlackElo "1701"]
[BlackRD "52"]
[GameID "395754"]

1. e4 e5 2. Nf3 Nc6 3. Bc4 Bc5 4. c3 Nf6 5. d3 a6 6. a3 O-O 7. Bg5 Be7 8. Nbd2 d6 9. h3 h6 10. Bxf6 Bxf6
11. O-O Be6 12. Ba2 Ne7 13. Nh2 Ng6 14. f4 Nxf4 15. Ndf3 Qd7 16. b4 g5 17. Bb1 Kh8 18. c4 Rg8 19. Nd2 Rg7 20. Nb3 Rag8
21. Rf2 g4 22. hxg4 Bxg4 23. Nxg4 Rxg4 24. Raa2 Nh3+ 25. Kf1 Nxf2
0-1

[Event "Blitz RR (Mar 2016) 1500-1799 "]
[Site "SchemingMind.com"]
[Date "2016.02.22"]
[Round "-"]
[White "kenneth m day"]
[Black "Quaff"]
[Result "0-1"]
[WhiteCountry "USA"]
[BlackCountry "ENG"]
[WhiteElo "1701"]
[WhiteRD "52"]
[BlackElo "1633"]
[BlackRD "69"]
[GameID "395755"]

1. e4 e5 2. f4 exf4 3. Nf3 g5 4. h4 g4 5. Ne5 g3 6. Qh5 Qf6 7. Bc4 Nh6 8. Nxf7 Nxf7 9. Bxf7+ Qxf7 10. Qe5+ Qe7
11. Qxh8 d5 12. d3 dxe4 13. Kd1 Bg4+ 14. Kd2 e3+ 15. Ke1 Nc6 16. Nc3 Nb4 17. Ne4 Nxc2+
0-1

[Event "Blitz RR (Mar 2016) 1500-1799 "]
[Site "SchemingMind.com"]
[Date "2016.02.24"]
[Round "-"]
[White "emvarela"]
[Black "kenneth m day"]
[Result "0-1"]
[WhiteCountry "ARG"]
[BlackCountry "USA"]
[WhiteElo "1684"]
[WhiteRD "47"]
[BlackElo "1701"]
[BlackRD "52"]
[GameID "395756"]

1. e4 e5 2. Nf3 Nc6 3. Bb5 f5 4. Bxc6 dxc6 5. Nxe5 Nf6 6. exf5 Bxf5 7. d3 Bd6 8. Nf3 Qe7+ 9. Qe2 Qxe2+ 10. Kxe2 O-O-O
11. Be3 Rhe8 12. h3 Nd5 13. g4 Bd7 14. Nbd2 Nf4+ 15. Kf1 Nd5 16. Re1 Nb4 17. c3 Nxd3 18. Rb1 c5 19. Bg5 Be7 20. Kg2 Bc6
21. Kg3 Bd6+ 22. Kg2 Rd7 23. Rhd1 Rf7 24. Be3 Ne5
0-1

[Event "Blitz RR (Mar 2016) 1500-1799 "]
[Site "SchemingMind.com"]
[Date "2016.02.25"]
[Round "-"]
[White "kenneth m day"]
[Black "emvarela"]
[Result "0-1"]
[WhiteCountry "USA"]
[BlackCountry "ARG"]
[WhiteElo "1674"]
[WhiteRD "52"]
[BlackElo "1658"]
[BlackRD "48"]
[GameID "395757"]

1. e4 e5 2. f4 exf4 3. Nf3 Nf6 4. e5 Qe7 5. Qe2 Nd5 6. c4 Nb4 7. d4 d6 8. Bxf4 dxe5 9. dxe5 Bf5 10. Na3 Nd3+
11. Kd1 Nxf4 12. Qe3 Qd7+ 13. Nd2 Bg4+ 14. Ke1 Ne6 15. Nc2 Bc5 16. Qg3 Bf5 17. Ne3 Bxe3 18. Qxe3 O-O 19. Rd1 Rd8 20. Be2 Qa4
21. a3 Nd4 22. Kf2 Nxe2 23. Qxe2 Nc6 24. Qe3 Rd3 25. Qf4 g6 26. g4 Be6 27. Rhe1 Rad8 28. Ke2 Nxe5 29. b3 Qxa3 30. Qxe5 Bxg4+
31. Kf1 Bxd1 32. Rxd1 Rxd2 33. Rxd2 Qc1+ 34. Ke2 Rxd2+ 35. Kf3 Qd1+ 36. Kf4 Rf2+ 37. Kg3 Qf3+
0-1

[Event "Blitz RR (Mar 2016) 1500-1799 "]
[Site "SchemingMind.com"]
[Date "2016.02.23"]
[Round "-"]
[White "kenneth m day"]
[Black "Simon Green"]
[Result "1-0"]
[WhiteCountry "USA"]
[BlackCountry "ENG"]
[WhiteElo "1701"]
[WhiteRD "52"]
[BlackElo "1616"]
[BlackRD "56"]
[GameID "395758"]

1. e4 e6 2. d4 d5 3. Nd2 Nf6 4. e5 Nfd7 5. Bd3 c5 6. c3 c4 7. Bc2 b5 8. Ndf3 Be7 9. Ne2 Nc6 10. h4 O-O
11. Qd2 b4 12. Ng3 f5 13. exf6 Nxf6 14. Ne5 Nxe5 15. dxe5 Ng4 16. f4 Bxh4 17. Rh3 Bxg3+ 18. Ke2 bxc3 19. bxc3 Bxf4 20. Bxh7+ Kh8
21. Bf5+
1-0

[Event "Blitz RR (Mar 2016) 1500-1799 "]
[Site "SchemingMind.com"]
[Date "2016.02.23"]
[Round "-"]
[White "Quaff"]
[Black "JimM"]
[Result "1-0"]
[WhiteCountry "ENG"]
[BlackCountry "USA"]
[WhiteElo "1671"]
[WhiteRD "66"]
[BlackElo "1672"]
[BlackRD "77"]
[GameID "395770"]

1. e4 c5 2. f4 d5 3. e5 e6 4. Nf3 Nc6 5. Bb5 Bd7 6. Bxc6 Bxc6 7. O-O Ne7 8. c3 Ng6 9. d4 Qb6 10. b3 cxd4
11. cxd4 Bb5 12. Re1 Bb4 13. Bd2 Qa5 14. g3 O-O 15. Bxb4 Qxb4 16. a3 Qa5 17. b4 Qb6 18. Nc3 Bc4 19. Na4 Qc6 20. Nc5 b6
21. Nd3 Ne7 22. Nb2 Ba6 23. Qb3 Qd7 24. Rac1 h6 25. a4 Nf5 26. b5 Bb7 27. Nd1 a6 28. Ne3 axb5 29. axb5 Ra5 30. Rb1 Rfa8
31. g4 Ne7 32. h3 Nc8 33. Rb2 Ne7 34. h4 Ra3 35. Qc2 R8a5 36. h5 Rxb5 37. Rxb5 Qxb5 38. g5 Ba6 39. gxh6 g6 40. Ng5 Qe8
41. hxg6 Nxg6 42. h7+ Kg7 43. f5 Nf4 44. f6+ Kh8 45. Qc7 Nh3+ 46. Nxh3 Kxh7 47. Ng5+ Kg6 48. Qc1 Rd3 49. Qc2
1-0

[Event "Blitz RR (Mar 2016) 1500-1799 "]
[Site "SchemingMind.com"]
[Date "2016.02.24"]
[Round "-"]
[White "JimM"]
[Black "Quaff"]
[Result "1/2-1/2"]
[WhiteCountry "USA"]
[BlackCountry "ENG"]
[WhiteElo "1682"]
[WhiteRD "80"]
[BlackElo "1612"]
[BlackRD "58"]
[GameID "395771"]

1. c4 e5 2. Nc3 Nf6 3. g3 Bb4 4. Bg2 c6 5. Nf3 d6 6. a3 Bxc3 7. dxc3 Be6 8. c5 e4 9. Ng5 d5 10. Nxe6 fxe6
11. Bh3 Qe7 12. b4 O-O 13. Bf4 Re8 14. Bd6 Qf7 15. e3 Rd8 16. O-O Ne8 17. Be5 Nd7 18. Bf4 h6 19. g4 g5 20. Bg3 e5
21. f3 exf3 22. Rxf3 Qg6 23. Qb3 e4 24. Rf2 Qg7 25. Raf1 Nef6 26. c4 Rf8 27. cxd5 Nxd5 28. Bd6 Rxf2 29. Rxf2 Nf6 30. Be5 Rf8
31. Bg2 Qg6 32. Bxf6 Rxf6 33. Rxf6 Qxf6 34. Bxe4 Qe5 35. Qb1 Nf6 36. Qb3+ Kg7 37. Bf5 Nd5 38. e4 Nf4 39. Kf2 Qd4+ 40. Qe3 Nh3+
41. Kf3 Qe5 42. Qd2 Qe7 43. Qd6 Qf7 44. Qd4+ Kf8 45. Qd3 Nf4 46. Qd6+ Kg7 47. Qd4+ Kf8 48. Qh8+ Ke7 49. Qe5+ Kf8 50. Qd6+ Kg7
51. Qd4+ Kf8 52. Qe3 Qa2 53. Qe1 Qg2+ 54. Ke3 Qxh2 55. Qf2 Qh3+ 56. Qf3 Qxf3+ 57. Kxf3 Ke7 58. Ke3 h5 59. gxh5 Nxh5 60. e5 Ng3
61. Bc8 b6 62. Bb7 Kd7 63. Kd4 bxc5+ 64. Kxc5 Ne4+ 65. Kd4 Nd2 66. Ba6 Ke6 67. Bc8+ Ke7 68. e6 g4 69. Ke3 g3 70. Ke2 Nb1
71. a4 Nc3+ 72. Kf3 Nxa4 73. Kxg3 Nb6 74. Bb7 Kxe6 75. Bxc6 Nd5 76. b5 Nc7 77. Kf3 Kd6 78. Ke3 Kc5 79. Kd3 Nxb5 80. Bxb5 Kxb5
81. Kc3 a5 82. Kb3 a4+ 83. Ka3 Ka5 84. Kb2 Kb4 85. Ka2 a3 86. Kb1 Kb3 87. Ka1 Kb4=
1/2-1/2

[Event "Blitz RR (Mar 2016) 1500-1799 "]
[Site "SchemingMind.com"]
[Date "2016.02.24"]
[Round "-"]
[White "emvarela"]
[Black "JimM"]
[Result "1-0"]
[WhiteCountry "ARG"]
[BlackCountry "USA"]
[WhiteElo "1684"]
[WhiteRD "47"]
[BlackElo "1688"]
[BlackRD "77"]
[GameID "395772"]

1. e4 e5 2. Nf3 Nc6 3. Bb5 d6 4. d4 Bd7 5. Nc3 Nf6 6. O-O exd4 7. Nxd4 Nxd4 8. Bxd7+ Qxd7 9. Qxd4 Be7 10. Be3 O-O
11. Nd5 Nxd5 12. exd5 Bf6 13. Qd3 Bxb2 14. Rab1 Be5 15. Rxb7 a6 16. Bd4 a5 17. Bxe5 dxe5 18. c4 Qd6 19. Rfb1 Rfd8 20. Qe4 f6
21. Qf5 c6 22. Qh5 Rf8 23. Qg4 cxd5 24. Qxg7#
1-0

[Event "Blitz RR (Mar 2016) 1500-1799 "]
[Site "SchemingMind.com"]
[Date "2016.02.25"]
[Round "-"]
[White "JimM"]
[Black "emvarela"]
[Result "1-0"]
[WhiteCountry "USA"]
[BlackCountry "ARG"]
[WhiteElo "1688"]
[WhiteRD "77"]
[BlackElo "1684"]
[BlackRD "47"]
[GameID "395773"]

1. e4 e5 2. Nf3 Nc6 3. Bb5 a6 4. Ba4 Nf6 5. O-O Be7 6. Re1 b5 7. Bb3 d6 8. c3 O-O 9. h3 Na5 10. Bc2 c5
11. d4 Bb7 12. Nbd2 Qc7 13. d5 Bc8 14. Nh4 Ne8 15. Nf5 Bxf5 16. exf5 Nf6 17. Qf3 c4 18. Ne4 Nxe4 19. Bxe4 Nb7 20. f6 Bxf6
21. Qf5
1-0

[Event "Blitz RR (Mar 2016) 1500-1799 "]
[Site "SchemingMind.com"]
[Date "2016.02.23"]
[Round "-"]
[White "kenneth m day"]
[Black "JimM"]
[Result "1-0"]
[WhiteCountry "USA"]
[BlackCountry "USA"]
[WhiteElo "1701"]
[WhiteRD "52"]
[BlackElo "1688"]
[BlackRD "77"]
[GameID "395774"]

1. e4 e5 2. f4 Bc5 3. Nf3 d6 4. Nc3 Nc6 5. d3 a6 6. Qe2 Bg4 7. Be3 Nd4 8. Bxd4 Bxd4 9. O-O-O b5 10. Nd5 c6
11. Ne3 Be6 12. Kb1 Qa5 13. a3 Bc5 14. fxe5 Bxa3 15. bxa3 Qxa3 16. c3 Qxc3 17. Rc1 Qb3+ 18. Qb2 Qxb2+ 19. Kxb2 d5 20. exd5 cxd5
21. Ra1 Ne7 22. d4 O-O 23. Be2 Nc6 24. Rhc1 Rfc8 25. Ra3 b4 26. Rxa6 Rab8 27. Raxc6
1-0

[Event "Blitz RR (Mar 2016) 1500-1799 "]
[Site "SchemingMind.com"]
[Date "2016.02.24"]
[Round "-"]
[White "JimM"]
[Black "kenneth m day"]
[Result "0-1"]
[WhiteCountry "USA"]
[BlackCountry "USA"]
[WhiteElo "1672"]
[WhiteRD "77"]
[BlackElo "1674"]
[BlackRD "52"]
[GameID "395775"]

1. e4 e5 2. Nf3 Nc6 3. Bb5 a6 4. Ba4 Nf6 5. O-O Be7 6. Re1 b5 7. Bb3 O-O 8. c3 Bb7 9. d4 exd4 10. cxd4 d5
11. e5 Ne4 12. Nc3 Bb4 13. Re3 Nxc3 14. Qd3 Ne4 15. h4 Be7 16. g4 Bxh4 17. Nxh4 Qxh4 18. Rh3 Qxg4+ 19. Kf1 Nxd4 20. Qe3 Nxb3
21. Qxb3 Qf5 22. Rf3 Qxe5 23. a4 c6 24. Be3 Qh2 25. Ke2 Bc8 26. axb5 Bg4 27. bxc6 Bxf3+ 28. Kxf3 Qh5+ 29. Kg2 Qg6+ 30. Kf1 Qxc6
31. Rc1 Qe6 32. Qd3 Qh3+ 33. Ke1 Rfd8 34. Rc7 Qh1+ 35. Ke2 Qh5+ 36. Ke1 Rd6 37. Qc2 h6 38. Qd3 Rg6 39. Qf1 Qh2 40. Qd3 Rg1+
41. Ke2 Qh5+ 42. f3 Qh2+
0-1

[Event "Blitz RR (Mar 2016) 1500-1799 "]
[Site "SchemingMind.com"]
[Date "2016.02.25"]
[Round "-"]
[White "JimM"]
[Black "Simon Green"]
[Result "1-0"]
[WhiteCountry "USA"]
[BlackCountry "ENG"]
[WhiteElo "1688"]
[WhiteRD "77"]
[BlackElo "1616"]
[BlackRD "56"]
[GameID "395776"]

1. d4 e6 2. e4 d5 3. Nc3 Nf6 4. e5 Nfd7 5. f4 c5 6. dxc5 Bxc5 7. Qg4 O-O 8. Bd3 f5 9. Qh3 Nc6 10. g4 Bxg1
11. Rxg1 Rf7 12. gxf5 exf5 13. Bxf5 h6 14. Be6 Qe7 15. Nxd5
1-0

[Event "Blitz RR (Mar 2016) 1500-1799 "]
[Site "SchemingMind.com"]
[Date "2016.02.24"]
[Round "-"]
[White "Simon Green"]
[Black "JimM"]
[Result "1-0"]
[WhiteCountry "ENG"]
[BlackCountry "USA"]
[WhiteElo "1616"]
[WhiteRD "56"]
[BlackElo "1688"]
[BlackRD "77"]
[GameID "395777"]

1. d4 Nf6 2. e3 d5 3. Bd3 Bg4 4. f3 Bd7 5. f4 e6 6. Nf3 Bb4+ 7. c3 Ba5 8. O-O O-O 9. Nbd2 Ng4 10. Qe1 c5
11. h3 Nf6 12. Ne5 Be8 13. a3 Nfd7 14. b4 Nxe5 15. fxe5 cxb4 16. axb4 Bc7 17. e4 dxe4 18. Nxe4 f6 19. exf6 gxf6 20. Qh4 f5
21. Bg5 Qc8 22. Nf6+ Rxf6 23. Bxf6 Bg6 24. Qh6 Qd7 25. Rae1 Qf7 26. Be5 Bxe5 27. Rxe5 Nd7 28. Re3 Rc8 29. d5 e5 30. Bxf5 Rf8
31. Ref3 Qg7 32. Qxg7+ Kxg7 33. Bxd7
1-0

[Event "Blitz RR (Mar 2016) 1500-1799 "]
[Site "SchemingMind.com"]
[Date "2016.03.01"]
[Round "-"]
[White "Quaff"]
[Black "Scooter"]
[Result "1-0"]
[WhiteCountry "ENG"]
[BlackCountry "USA"]
[WhiteElo "1633"]
[WhiteRD "69"]
[BlackElo "1712"]
[BlackRD "48"]
[GameID "396019"]

1. e4 c6 2. f4 d5 3. e5 e6 4. Nf3 Nd7 5. Be2 Bc5 6. c3 b5 7. b4 Bb6 8. d4 Ne7 9. O-O O-O 10. h3 a5
11. a3 axb4 12. cxb4 Nb8 13. Bb2 Nf5 14. Qd2 Ng3 15. Re1 Nxe2+ 16. Qxe2 h6 17. Nbd2 Bb7 18. Nb3 Nd7 19. Qd3 Qc8 20. Nh2 Qd8
21. g3 f6 22. Kg2 fxe5 23. fxe5 Qe7 24. Nf3 Rf5 25. Nh4 Rf7 26. Ng6 Qe8 27. Nc1 Rf5 28. Nh4 Rf7 29. Ne2 Qf8 30. Nf4 g5
31. Nxe6 Rf2+ 32. Kg1 Qf7 33. Nxg5 hxg5 34. e6 Qf6 35. exd7 gxh4 36. Re8+ Rxe8 37. dxe8=Q+
1-0

[Event "Blitz RR (Mar 2016) 1500-1799 "]
[Site "SchemingMind.com"]
[Date "2016.03.01"]
[Round "-"]
[White "Scooter"]
[Black "Quaff"]
[Result "1-0"]
[WhiteCountry "USA"]
[BlackCountry "ENG"]
[WhiteElo "1712"]
[WhiteRD "48"]
[BlackElo "1633"]
[BlackRD "69"]
[GameID "396020"]

1. d4 c6 2. Nf3 d5 3. Bf4 h6 4. e3 Nf6 5. Be2 e6 6. O-O Bd6 7. Bxd6 Qxd6 8. c3 Nbd7 9. Nbd2 O-O 10. Qc2 Nh7
11. e4 f6 12. exd5 exd5 13. Bd3 Ng5 14. Nxg5 fxg5 15. Rfe1 Nf6 16. Nf3 Bg4 17. Ne5 Bh5 18. Bg6 Bxg6 19. Nxg6 Rfe8 20. Ne5 Ne4
21. f3 Nf6 22. Qg6 Rf8 23. Ng4 Kh8 24. Ne5 Kg8 25. Nd3 b6 26. Nf2 Rad8 27. Nd1 Nh7 28. Re6 Qd7 29. Ne3 Rfe8 30. Rxe8+ Rxe8
31. Nf5 Nf8 32. Nxh6+ Kh8 33. Qf7 Qxf7 34. Nxf7+ Kg8 35. Nxg5 g6 36. Kf2 Kg7 37. Re1 Rxe1 38. Kxe1 Kf6 39. f4 Kf5 40. g3 Nd7
41. h3 c5 42. Ke2 c4 43. Ke3 Nf6 44. g4+ Nxg4+ 45. hxg4+
1-0

[Event "Blitz RR (Mar 2016) 1500-1799 "]
[Site "SchemingMind.com"]
[Date "2016.03.04"]
[Round "-"]
[White "emvarela"]
[Black "Scooter"]
[Result "1-0"]
[WhiteCountry "ARG"]
[BlackCountry "USA"]
[WhiteElo "1658"]
[WhiteRD "48"]
[BlackElo "1710"]
[BlackRD "48"]
[GameID "396021"]

1. e4 c6 2. d4 d5 3. exd5 cxd5 4. c4 Nf6 5. Nc3 Bf5 6. cxd5 Nxd5 7. Bb5+ Nc6 8. Bxc6+ bxc6 9. Nxd5 Qxd5 10. Nf3 Bg4
11. O-O Bxf3 12. Qxf3 Qxf3 13. gxf3 e6 14. Be3 Bd6 15. Rac1 Kd7 16. Rc2 Rhc8 17. Rfc1 h6 18. Kg2 a5 19. f4 f6 20. Kf3 e5
21. dxe5 fxe5 22. fxe5 Bxe5 23. Rd1+ Ke6 24. Bd4 Rf8+ 25. Kg2 Bxd4 26. Rxd4 Ke5 27. Rd7 Rab8 28. Re2+ Kf6 29. Rd6+ Kf7 30. Rxc6 Rb5
31. Rc7+ Kg8 32. Ree7 Rg5+ 33. Kf1 Rb8 34. b3 a4 35. Rb7 Rxb7 36. Rxb7 axb3 37. axb3 Rc5 38. b4 Rc1+ 39. Kg2 Rb1 40. b5 Rb3
41. b6 Kf8 42. Rb8+ Kf7 43. b7 g5 44. Rh8
1-0

[Event "Blitz RR (Mar 2016) 1500-1799 "]
[Site "SchemingMind.com"]
[Date "2016.03.04"]
[Round "-"]
[White "Scooter"]
[Black "emvarela"]
[Result "1-0"]
[WhiteCountry "USA"]
[BlackCountry "ARG"]
[WhiteElo "1710"]
[WhiteRD "48"]
[BlackElo "1658"]
[BlackRD "48"]
[GameID "396022"]

1. d4 Nf6 2. Nf3 e6 3. Bg5 d5 4. e3 h6 5. Bxf6 Qxf6 6. Be2 Bd6 7. O-O O-O 8. Nbd2 c5 9. c3 cxd4 10. cxd4 Bd7
11. a3 Nc6 12. Bb5 a6 13. Bxc6 Bxc6 14. Rc1 Rac8 15. b4 b5 16. Nb3 e5 17. dxe5 Bxe5 18. Nxe5 Qxe5 19. Nc5 Rfe8 20. Nxa6 Bd7
21. Rc5 Bc6 22. Qc2 Bb7 23. Nc7 Red8 24. Nxb5 Rxc5 25. Qxc5 Rc8 26. Qb6 Qe7 27. Nd6 Rc6 28. Qxb7 Qxd6 29. Rd1 Qf6 30. Qb8+ Kh7
31. Qf4 g5 32. Qxf6 Rxf6 33. Rxd5 Rc6 34. Rd1 Ra6 35. Rd3 Kg6 36. g4 f5 37. h3 fxg4 38. hxg4 h5 39. gxh5+ Kxh5 40. Kg2
1-0

[Event "Blitz RR (Mar 2016) 1500-1799 "]
[Site "SchemingMind.com"]
[Date "2016.02.29"]
[Round "-"]
[White "Scooter"]
[Black "kenneth m day"]
[Result "1-0"]
[WhiteCountry "USA"]
[BlackCountry "USA"]
[WhiteElo "1712"]
[WhiteRD "48"]
[BlackElo "1701"]
[BlackRD "52"]
[GameID "396023"]

1. d4 g6 2. Nf3 Bg7 3. Bf4 d6 4. e3 c6 5. Be2 Nf6 6. O-O O-O 7. Nbd2 Nh5 8. Bg5 h6 9. Bf4 Nxf4 10. exf4 Bg4
11. h3 Bf5 12. c3 Nd7 13. Nh4 Be6 14. Bc4 d5 15. Bd3 Nf6 16. Re1 Nh5 17. f5 Nf4 18. Bc2 Bxf5 19. Bxf5 gxf5 20. Qf3 Qd6
21. Nxf5 Qc7 22. Rxe7 Qb8 23. Qg4 Ng6 24. h4 Qd8 25. h5 Qxe7 26. Nxe7+ Nxe7 27. Re1 Rfe8 28. Nf3 Rad8 29. Kf1 Rd6 30. Ne5 Kf8
31. Qf4 Rf6 32. Nd7+
1-0

[Event "Blitz RR (Mar 2016) 1500-1799 "]
[Site "SchemingMind.com"]
[Date "2016.02.28"]
[Round "-"]
[White "kenneth m day"]
[Black "Scooter"]
[Result "1/2-1/2"]
[WhiteCountry "USA"]
[BlackCountry "USA"]
[WhiteElo "1674"]
[WhiteRD "52"]
[BlackElo "1710"]
[BlackRD "48"]
[GameID "396024"]

1. e4 c6 2. c4 d5 3. cxd5 cxd5 4. exd5 Qxd5 5. Nc3 Qd8 6. d4 Nf6 7. Bc4 e6 8. Nf3 Bb4 9. O-O O-O 10. Bg5 Nbd7
11. Rc1 Qa5 12. a3 Bxc3 13. Rxc3 Ne4 14. Bd2 Nxc3 15. Bxc3 Qc7 16. Bb3 Rd8 17. Qd3 Nc5 18. Qc2 Nxb3 19. Qxb3 b6 20. Ne5 Bb7
21. Rc1 Rxd4 22. Re1 Rd5 23. Qc2 Rc8 24. Qe2 Rcd8 25. f4 a6 26. Qg4 Qc5+ 27. Kf1 a5 28. Nd3 Qf8 29. Ne5 Ba6+ 30. Kg1 b5
31. Nc6 f5 32. Qg5 R8d7 33. Ne5 Qc5+ 34. Kh1 Rb7 35. Nf3 b4 36. axb4 axb4 37. Be5 Rbd7 38. h4 Rd1 39. Rxd1 Rxd1+ 40. Kh2 Rd7
41. Bf6 Rf7 42. Bd4 Qd5 43. Be5 Be2 44. Nd4 Bf1 45. Nf3 h6 46. Qg3 Qd3 47. Qg6 Qe2 48. Nd4 Qxb2 49. Nxe6 Qxg2+ 50. Qxg2 Bxg2
51. Kxg2 Re7 52. Nc5 g5 53. hxg5 hxg5 54. Bf6 Rc7 55. Nb3 gxf4 56. Kf3 Rc6 57. Be5 Rc4 58. Nd4 Rc3+ 59. Kxf4 b3 60. Nxb3=
1/2-1/2

[Event "Blitz RR (Mar 2016) 1500-1799 "]
[Site "SchemingMind.com"]
[Date "2016.02.29"]
[Round "-"]
[White "Scooter"]
[Black "JimM"]
[Result "1-0"]
[WhiteCountry "USA"]
[BlackCountry "USA"]
[WhiteElo "1712"]
[WhiteRD "48"]
[BlackElo "1688"]
[BlackRD "77"]
[GameID "396025"]

1. d4 g6 2. Nf3 Nf6 3. Bf4 Bg7 4. e3 O-O 5. Be2 d6 6. O-O Nbd7 7. Nbd2 Nh5 8. h3 Nxf4 9. exf4 c5 10. dxc5 Nxc5
11. Rb1 Qa5 12. a3 Na4 13. Nc4 Qf5 14. c3 b5 15. Ne3 Qxf4 16. Bxb5 Nc5 17. Nd5 Qf5 18. Nxe7+ Kh8 19. Nxf5
1-0

[Event "Blitz RR (Mar 2016) 1500-1799 "]
[Site "SchemingMind.com"]
[Date "2016.02.29"]
[Round "-"]
[White "JimM"]
[Black "Scooter"]
[Result "0-1"]
[WhiteCountry "USA"]
[BlackCountry "USA"]
[WhiteElo "1688"]
[WhiteRD "77"]
[BlackElo "1712"]
[BlackRD "48"]
[GameID "396026"]

1. d4 Nf6 2. Nf3 g6 3. c4 Bg7 4. g3 O-O 5. Bg2 d6 6. Nc3 c6 7. O-O Nbd7 8. Bg5 Re8 9. Bf4 e5 10. dxe5 dxe5
11. Bg5 Qb6 12. Qc2 Qc5 13. Nd2 Nb6 14. Nce4 Nxe4 15. Nxe4 Qxc4 16. Qxc4 Nxc4 17. b3 Nb6 18. Nf6+ Bxf6 19. Bxf6 h6 20. Rad1 Bd7
21. f4 exf4 22. Rxf4 Rxe2 23. a4 Rae8 24. Bf1 Ra2 25. Rfd4 Nd5 26. Bc4 Nxf6 27. Rf1 Kg7 28. Rxd7 Nxd7 29. Rxf7+ Kh8 30. Rxd7 Re1+
31. Bf1 Raa1 32. Rf7 Kg8 33. Rf3 Kg7 34. Kg2 Rxf1 35. Rxf1 Rxf1 36. Kxf1 Kf6 37. Ke2 g5 38. h3 a5 39. Ke3 Ke5 40. Kd3 h5
41. Ke3 b5 42. Kd3 bxa4 43. bxa4 Kd5 44. Kc3 Ke4
0-1

[Event "Blitz RR (Mar 2016) 1500-1799 "]
[Site "SchemingMind.com"]
[Date "2016.02.29"]
[Round "-"]
[White "Scooter"]
[Black "Simon Green"]
[Result "1-0"]
[WhiteCountry "USA"]
[BlackCountry "ENG"]
[WhiteElo "1712"]
[WhiteRD "48"]
[BlackElo "1616"]
[BlackRD "56"]
[GameID "396027"]

1. d4 e6 2. Nf3 d5 3. Bf4 Nf6 4. e3 c5 5. Bb5+ Nc6 6. c3 Bd7 7. O-O Qb6 8. Bxc6 Bxc6 9. Qc2 g6 10. h3 c4
11. Nbd2 Ne4 12. Nxe4 dxe4 13. Nd2 f5 14. Nxc4 Qd8 15. Ne5 Bd6 16. Nxc6 bxc6 17. Bxd6 Qxd6 18. c4 O-O 19. c5 Qd7 20. b4 a5
21. a3 axb4 22. axb4 Qb7 23. Qb3 Kf7 24. Ra3 Rxa3 25. Qxa3 Ra8 26. Qb3 Qb5 27. Rc1 Ra4 28. Rb1 h5 29. f3 exf3 30. gxf3 g5
31. Kf2 Qa6 32. b5 cxb5 33. Qxb5 Ra2+ 34. Kg1 Qxb5 35. Rxb5 Rc2 36. Rb8 h4 37. Rc8 Kf6 38. c6 Ke7 39. c7 Kd7 40. Rg8 Kxc7
41. Rxg5 Kd6 42. Rh5 Re2 43. Rxh4 Rxe3 44. Kf2 Ra3 45. Rf4 e5 46. dxe5+ Kxe5 47. Kg3 Ra8 48. Rh4 Rg8+ 49. Kf2 f4 50. Rg4 Rh8
51. h4 Rh5 52. Ke2 Kf5 53. Kd3 Ke5 54. Rg5+ Rxg5 55. hxg5 Kf5 56. Kd4 Kg6 57. Ke5 Kxg5 58. Ke4
1-0